Someone else's country (Record no. 68000)
[ view plain ]
| 000 -LEADER | |
|---|---|
| fixed length control field | 01337nam a2200301Ia 4500 |
| 100 1# - MAIN ENTRY--AUTHOR NAME | |
| Personal name | Huie, Shirley Fenton. |
| 245 10 - TITLE STATEMENT | |
| Title | Someone else's country |
| 260 ## - PUBLICATION, DISTRIBUTION, ETC. (IMPRINT) | |
| Place of publication | Canberra, A.C.T. : |
| Name of publisher | Pandanus Books : |
| -- | Research School of Pacific and Asian Studies, Australian National University ; |
| Place of publication | Sydney, N.S.W. : |
| Name of publisher | Distributed by UNIREPS, University of New South Wales, |
| Year of publication | c2003. |
| 300 ## - PHYSICAL DESCRIPTION | |
| Number of Pages | ix, 251 p. |
| 650 #0 - SUBJECT ADDED ENTRY--TOPICAL TERM | |
| Topical Term | Voyages and travels. |
| 856 40 - ELECTRONIC LOCATION AND ACCESS | |
| Uniform Resource Identifier | http://site.ebrary.com/lib/rucke/Doc?id=10057992 |
No items available.
